Central Library OPAC University of Rajshahi

Convex functions and Orlicz spaces / (Record no. 8822)

MARC details
000 -LEADER
fixed length control field 00861nam a22002651 4500
001 - CONTROL NUMBER
control field 8822
003 - CONTROL NUMBER IDENTIFIER
rucl marc code BD-RjUL
005 - DATE AND TIME OF LATEST TRANSACTION
control field 20211208234647.0
008 - FIXED-LENGTH DATA ELEMENTS--GENERAL INFORMATION
fixed length control field 140111s1962 ii a b 000 0 eng d
035 ## - SYSTEM CONTROL NUMBER
System control number (BD-RjUL) 8867
040 ## - CATALOGING SOURCE
Original cataloging agency DLC/ICU
Transcribing agency ICU
Modifying agency DLC
-- BD-RjUL
Language of cataloging eng
041 1# - LANGUAGE CODE
Language code of text/sound track or separate title engrus
082 00 - DEWEY DECIMAL CLASSIFICATION NUMBER
Edition number 20
Classification number 515
Author mark and year KRC 1962
100 1# - MAIN ENTRY--PERSONAL NAME
Personal name Krasnoselsky, M. A.
Fuller form of name (Mark Aleksandrovich),
Dates associated with a name 1920-
9 (RLIN) 20545
245 10 - TITLE STATEMENT
Title Convex functions and Orlicz spaces /
Statement of responsibility, etc. [by] M. A. Krasnoselsky and Y. B. Rutitsky (Authorised translation from Russian).
260 ## - PUBLICATION, DISTRIBUTION, ETC. (IMPRINT)
Place of publication, distribution, etc. India :
Name of publisher, distributor, etc. Hindustan Pub.,
Date of publication, distribution, etc. 1962.
300 ## - PHYSICAL DESCRIPTION
Pagination iii, 262 p. :
Illustrations illus. ;
Size 23 cm.
504 ## - BIBLIOGRAPHY, ETC. NOTE
Bibliography, etc Includes bibliography.
650 #0 - SUBJECT ADDED ENTRY--TOPICAL TERM
Topical term or geographic name as entry element Functional analysis.
9 (RLIN) 20546
Topical term or geographic name as entry element Convex functions.
9 (RLIN) 20547
700 1# - ADDED ENTRY--PERSONAL NAME
Personal name Rutitsky, Y. B.
942 ## - ADDED ENTRY ELEMENTS (KOHA)
Source of classification or shelving scheme Dewey Decimal Classification
Koha item type Books
Holdings
Lost status Source of classification or shelving scheme Damaged status Not for loan Collection code Permanent Location Current Location Shelving location Date acquired Source of acquisition Cost, normal purchase price Total Checkouts Full call number Date last seen Copy number Koha item type
  Dewey Decimal Classification   Not For Loan Non-fiction Central Library, University of Rajshahi Central Library, University of Rajshahi   03/04/1965 Zeitlinger 46.00   515 KRC 1962 19/01/2014 C-1 Books